| 000 | 02248nam a2200217Ia 4500 | ||
|---|---|---|---|
| 003 | Ost | ||
| 005 | 20260507075623.0 | ||
| 008 | 260507s9999||||xx |||||||||||||| ||und|| | ||
| 020 | _a9789931659815 | ||
| 040 | _cfsecg | ||
| 041 | _aara | ||
| 082 | _a519.5 | ||
| 100 |
_aطويطي، مصطفى _eمؤلف |
||
| 245 | 0 |
_aالتحليل الإحصائي لبيانات الاستبيان : _bتطبيقات عملية على برنامج Excel / _c مصطفى طويطي |
|
| 260 |
_aالجزائر: _bالنشر الجامعي الجديد, _c2018 |
||
| 300 |
_a288 صفحة؛ _bإيضاحات ؛ _c24 سم |
||
| 504 | _aالمراجع ص.285 الملاحق ص.271 | ||
| 520 | _aتم تأليف هذا الكتاب بجزئية المتكاملين ليكون مرجعا علميا لدعم الجانب المعرفي في مجال التحليل الاحصائي لدي الباحثين والطلبة، حيث يشمل الجزء الأول أساسيات المعاينة، ثم تقنيات متقدمة في تفريغ الاستبانة على البرنامج وتتبعهما فصل لإجراء التحقق من ثبات أداة جمع البيانات الأولية، وختم هذا الجزء Excel وبعد كل ذلك تم التطرق الى أساليب تنظيم وعرض البيانات ثم أساليب الوصف باستخدام برنامج بفصل لاختبار الفروض لبيانات متغير فردي. أما الجزء الثاني فقد تم تخصيصه بشكل أساسي لأساليب تحليل بيانات متغيرين أو أكثر ، بدأ من تحليل التباين لأكثر من مجموعتين مستقلتين (ANOVA) الأحادي والمتعدد، وكذا أساليب تحليل التباين للقياسات المتكررة والتي يتم اللجوؤ اليها في حالة قيام الباحث بتعريض كل فرد من أفراد المجموعة لكل مستوى من مستويات المتغير المستقل على الأقل مرة واحدة، كما تم التطرق بالتفصيل إلى استخدامات أسلوب تحليل التبايت المشترك (ANOVA). | ||
| 653 | _aالإحصاء التحليلي | ||
| 942 | _cكتاب | ||
| 999 |
_c45155 _d45155 |
||